Baseball... or Basketball - Statistics

General Stats
  • This quiz has been taken 43 times
  • The average score is 14 of 16
Answer Stats
Question Answer % Correct
Uses a Bat Baseball
100%
Uses Gloves to Catch the Ball Baseball
100%
A Score is Considered a 'Run' Baseball
100%
The Ball is Orange Basketball
100%
Has 4 Quarters Basketball
100%
Uses Bases Baseball
98%
Has a Half Court Basketball
98%
Players Can Sit on the Bench Both
95%
Has a Fenced-In In-Play Territory Baseball
93%
Has Five Players on Each Team on the Playing Field at a Time Basketball
93%
The Officials are Considered 'Referees' Basketball
88%
Wears Sleeveless Jersey Basketball
88%
Is Timed Basketball
78%
Has 30 Professional Teams Both
65%
A Play Can End Up As a Foul Both
63%
You Can Score 3 Points at a Time Both
40%
No matching quizzes found
Score Distribution
Percent of People with Each Score
Percentile by Number Answered
Your Score History
You have not taken this quiz